| 000 -LEADER |
| fixed length control field |
00787cam a2200229 a 4500 |
| 020 ## - INTERNATIONAL STANDARD BOOK NUMBER |
| ISBN |
0256241481 (acidfree paper) |
| 040 ## - CATALOGING SOURCE |
| Transcribing agency |
DLC |
| 082 00 - DEWEY DECIMAL CLASSIFICATION NUMBER |
| Classification number |
658 IRW 1998 A055 Or. |
| 100 1# - MAIN ENTRY--AUTHOR NAME |
| Personal name |
Strickland, A. J. |
| 245 10 - TITLE STATEMENT |
| Title |
Cases in strategic management / |
| 246 30 - VARYING FORM OF TITLE |
| Title proper/short title |
Strategic management |
| 250 ## - EDITION STATEMENT |
| Edition statement |
10th ed. |
| 260 ## - PUBLICATION, DISTRIBUTION, ETC. (IMPRINT) |
| Place of publication |
Boston, Mass. : |
| Name of publisher |
Irwin/McGraw-Hill, |
| Year of publication |
c1998. |
| 300 ## - PHYSICAL DESCRIPTION |
| Number of Pages |
xii, 691 p. : |
| Other physical details |
ill. (some col.), col. maps ; |
| Dimensions |
26 cm. |
| 500 ## - GENERAL NOTE |
| General note |
"International edition"--T.p. verso. |
| 500 ## - GENERAL NOTE |
| General note |
"The 34 cases in this edition include 22 new cases ... eight cases from the ninth edition of Strategic management"--Pref. |
| 650 #0 - SUBJECT ADDED ENTRY--TOPICAL TERM |
| Topical Term |
Strategic planning |
| 650 #0 - SUBJECT ADDED ENTRY--TOPICAL TERM |
| Topical Term |
Industrial management |
| 700 1# - ADDED ENTRY--PERSONAL NAME |
| Personal name |
Thompson, Arthur A., |
| 700 1# - ADDED ENTRY--PERSONAL NAME |
| Personal name |
Thompson, Arthur A., |
| 942 ## - ADDED ENTRY ELEMENTS (KOHA) |
| Koha item type |
សៀវភៅភាសាអង់គ្លេស |
| 952 ## - LOCATION AND ITEM INFORMATION (KOHA) |
| Withdrawn status [LOCAL, KOHA] |
0 |